Charlotte Hornets 2010's Starters - Statistics

General Stats
  • This quiz has been taken 629 times
    591 since last reset
  • The average score is 8 of 22
Answer Stats
Player Starts % Correct
Kemba Walker 7
98%
Cody Zeller 4
68%
Marvin Williams 4
61%
Michael Kidd-Gilchrist 5
57%
Al Jefferson 2
55%
Nicolas Batum 4
53%
Gerald Wallace 2
52%
Dwight Howard 1
48%
Jeremy Lamb 1
43%
Bismack Biyombo 2
39%
Gerald Henderson 4
32%
Stephen Jackson 2
31%
D.J. Augustin 2
24%
Raymond Felton 1
21%
Kwame Brown 1
18%
Boris Diaw 2
17%
Tyrus Thomas 1
15%
Corey Maggette 1
10%
Josh McRoberts 1
10%
Byron Mullens 1
9%
Nazr Mohammed 1
6%
P.J. Hairston 1
5%
No matching quizzes found
Score Distribution
Percent of People with Each Score
Percentile by Number Answered
Your Score History
You have not taken this quiz since the last reset